00686 2200265 4500001002100000005001700021008004100038020001800079035002500097040001200122082001400134084001400148090000800162100001100170245004800181250001200229260004500241300003600286500001800322650001600340990001000356990002200366990001000388990002200398INLIS00000000000294420150408134114.0  a979-511-291-0 a0010-021400000000825 aJIPDBWI 2[21]a813 a813 HIL l a813 aHilman aLupus Drakuli Kuperb(Ih, Syereeem! Part 2) aCet. 10 aJakartabPT Gramedia Pustaka Utamac2004 a200 hlm.;bIlus .;c11 x 18 cm. aCerita Pendek aKarya Fiksi a19695 a0105/kpadbwi/2016 a19695 a0105/kpadbwi/2016